Statistics for 20 Largest Cities in Indochina

Click here to take the quiz!

General Stats

  • This quiz has been taken 23 times
    (22 since last reset)
  • The average score is 8 of 20

Answer Stats

Country Answer % Correct
VietnamHo Chi Minh City
100%
VietnamHanoi
100%
MyanmarYangon
100%
CambodiaPhnom Penh
100%
ThailandBangkok
95%
MyanmarMandalay
71%
VietnamDa Nang
67%
VietnamCan Tho
38%
VietnamHue
29%
VietnamBien Hoa
14%
MyanmarBago
14%
VietnamDa Lat
10%
VietnamLong Xuyen
5%
VietnamVinh
5%
VietnamNha Trang
5%
VietnamBuon Ma Thuot
0%
MyanmarTaunggyi
0%
MyanmarMonywa
0%
MyanmarHpa-An
0%
VietnamPhan Thiet
0%

Score Distribution

Percentile by Number Answered

Percent of People with Each Score

Your Score History

You have not taken this quiz since the last reset